00967nam a2200253 4500003000800000005001700008008004100025040003000066041000800096044000700104082001800111100004400129245013300173260002500306300004000331500003600371502018000407650002100587653001400608653002700622653001700649653001300666700003400679BOFEUTO20260512111526.0260504t2025 bo a gr 001 | spa d 6BOFEUTOaBOFEUTOcBOFEUTO aspa abo aTE6282bC334p aCastillo Bustos, Sandra Virginiaeautor aPlan estratégico de Marketing para el posicionamiento de SEGA S.R.L. /cSandra Virginia Castillo Bustos, Cesar Choque García aOruro :bs/n,c2025. a98 hojas ;btabl., fig. ;c38.5 cm. aIncluye bibliografía, anexos. aTesis Dirigida, (Licenciatura) -- Universidad Técnica de Oruro, Facultad de Ciencias Económicas, Financieras y Administrativas, Carrera Administración de Empresas, 2025. aAdministración aMarketing aMarketing de servicios aProducción aFinanzas aChoque García, Cesaretutor